• 首页
  • 本馆介绍
  • 公告通知
  • 最新文献
  • 馆藏检索
  • 电子资源
  • 读者导购
  • 参考咨询
  • 我的图书馆
  • 登录
  • 详细信息显示
  • 放入我的书架
  • 预约/预借图书
  • 作者相关作品
  • 分类相关作品
  • 丛书相关作品
  • 出版社相关作品

书目信息

  • 表格格式
  • 工作单格式
  • 卡片格式
题名:
世界摄影大师经典作品集
    
 
作者: 麦库林 摄 ;独觉色品图像研究中心 编著
分册:   唐·麦库林
出版信息: 汕头   汕头大学出版社  2005
页数: 236页
开本: 17cm
丛书名:
单 册:
中图分类: J431
科图分类:
主题词: 新闻摄影--英国--现代--摄影集 , 摄影集--世界--现代 , 新闻摄影 , 摄影集
电子资源:
ISBN: 7-81036-954-7
000 00980nam0 2200265 450
001 002925501
005 20070804104120.54
010    @a7-81036-954-7@dCNY20.00
100    @a20050119d2005 em y0chiy0110 ea
101 0  @achi
102    @aCN@b440000
105    @aa z 000yd
200 1  @a世界摄影大师经典作品集@9shi jie she ying da shi jing dian zuo pin ji@i唐·麦库林@f独觉色品图像研究中心编著
210    @a汕头@c汕头大学出版社@d2005
215    @a236页@d17cm
330    @a本书是世界最负盛名的摄影先驱者,唐·麦库林的摄影作品集,人们通过这些作品了解大师们是如何理解及运用镜头的,是如何将人的精神与世界的现实融合为一体的。
606 0  @a新闻摄影@y英国@z现代@j摄影集
606 0  @a摄影集@y世界@z现代
606 0  @a新闻摄影
606 0  @a摄影集
690    @aJ431@v4
701  0 @c(英)@a麦库林@9mai ku lin@c(McCullin, Don@f1935~)@4摄
712 02 @a独觉色品图像研究中心@9du jue se pin tu xiang yan jiu zhong xin@4编著
801  0 @aCN@bNLC@c20070804
905    @a10447@dJ431@e186
    
    世界摄影大师经典作品集.唐·麦库林/独觉色品图像研究中心编著.-汕头:汕头大学出版社,2005
    236页;17cm
    
    
    ISBN 7-81036-954-7:CNY20.00
    本书是世界最负盛名的摄影先驱者,唐·麦库林的摄影作品集,人们通过这些作品了解大师们是如何理解及运用镜头的,是如何将人的精神与世界的现实融合为一体的。
●
相关链接 在E读中查询图书 在五车中查询图书 在当当中查询图书 在豆瓣中查询图书


正题名:世界摄影大师经典作品集     索取号:J431/186         预约/预借

序号 登录号 条形码 馆藏地/架位号 状态 备注
1 0381213   203812133   第一样本阅览室/ [索取号:J431/186] 在馆    
2 0381214   203812142   第一借阅区/ [索取号:J431/186] 在馆    
3 0381215   203812151   第一借阅区/ [索取号:J431/186] 在馆    
4 0381216   203812160   第一借阅区/ [索取号:J431/186] 在馆    
5 0381217   203812179   第一借阅区/ [索取号:J431/186] 在馆    
6 0808040   208080404   第一借阅区/ [索取号:J431/186] 在馆    
7 0808041   208080413   第一借阅区/ [索取号:J431/186] 在馆    
8 0808042   208080422   第一借阅区/ [索取号:J431/186] 在馆    
9 0808043   208080431   第一借阅区/ [索取号:J431/186] 在馆    
10 0808044   208080440   第一借阅区/ [索取号:J431/186] 在馆    
11 0808045   208080459   第一借阅区/ [索取号:J431/186] 在馆    
12 0808046   208080468   第一借阅区/ [索取号:J431/186] 在馆    
13 0808047   208080477   密集书库-美术系/ [索取号:J431/186] 在馆    
14 0808048   208080486   密集书库-美术系/ [索取号:J431/186] 在馆    
15 0808049   208080495   密集书库-美术系/ [索取号:J431/186] 在馆    
唐山师范学院图书馆 欢迎您!
大连网信软件有限公司© 版权所有